Vista normal
Vista MARC
Entrada Topical Term
Número de registros utilizados en: 1
001 - CONTROL NUMBER
- control field: 8171
003 - CONTROL NUMBER IDENTIFIER
- control field: OSt
005 - DATE AND TIME OF LATEST TRANSACTION
- control field: 20200730125620.0
008 - FIXED-LENGTH DATA ELEMENTS
- fixed length control field: 200730|| aca||aabn | a|a d
040 ## - CATALOGING SOURCE
- Original cataloging agency: OSt
- Transcribing agency: OSt
150 ## - HEADING--TOPICAL TERM
- Topical term or geographic name entry element: Derechos Humanos Deberes Ramas del poder público--
670 ## - SOURCE DATA FOUND
- Source citation: Work cat.: (OSt)5878: Henao Hidrón, Javier, autor 8170, Constitución Política de Colombia (comentada) / , 2014